|
|
|
|
| LEADER |
00887nam a2200241 a 4500 |
| 001 |
2087673 |
| 008 |
090826s1999 njua 001 0 eng d |
| 010 |
|
|
|a 95022629
|
| 020 |
|
|
|a 0130810096
|
| 040 |
|
|
|a DLC
|c DLC
|d DLC
|
| 082 |
0 |
0 |
|a 512.9
|2 21
|
| 100 |
1 |
|
|a Sullivan, Michael,
|d 1942-
|
| 245 |
1 |
0 |
|a College algebra /
|c Michael Sullivan.
|
| 250 |
|
|
|a 5th ed[instructor's edition].
|
| 260 |
|
|
|a Upper Saddle River, N.J. :
|b Prentice Hall,
|c c1999.
|
| 300 |
|
|
|a 1 v. (various pagings) :
|b ill. (some col.) ;
|c 26 cm.
|
| 500 |
|
|
|a Includes index.
|
| 541 |
1 |
|
|e 00013736
|
| 650 |
|
0 |
|a Algebra.
|
| 852 |
4 |
|
|a Ayesha Abed Library
|j General Shelf.
|
| 942 |
0 |
0 |
|0 1
|
| 999 |
|
|
|c 3783
|d 3783
|
| 952 |
|
|
|0 0
|1 0
|2 ddc
|4 0
|6 512_900000000000000_SUL
|7 0
|9 3435
|a BRACUL
|b BRACUL
|c GEN
|d 2009-09-05
|g 0.00
|l 46
|m 195
|o 512.9 SUL
|p 3010013736
|r 2025-10-30
|s 2025-10-13
|t 1
|w 2009-09-05
|y BK
|x No price found in the accession register.
|